00608nam a2200157Ia 4500008004100000020001800041082001900059100002200078245008700100260002300187300001100210500002200221650009700243952009300340999001700433120622s9999 xx 000 0 und d a968-24-5185-X a658.4013 S213c aSandholm, Lennart aControl total de calidad / Lennart Sandholm ; tr. Nimbe Rebeca Aparicio González aMéxico : Trillas a221 p. aIncluye índices a1. CONTROL DE CALIDAD \ 2. CALIDAD TOTAL EN NEGOCIOS \ 3. ADMINISTRACION DE CALIDAD TOTALÌ 00104070a01b01d2007-01-25l0o658.4013 S213Cp01 008307r2012-06-24w2012-06-24yLB c57200d57200